00886nam a2200193 a 450000100100000000500170001000800410002702000180006804000250008610000420011124500620015326000390021530000210025450000700027595201200034595201050046595201050057099900170067500004346120230519124859.0140318s2013 dr 000 0 spa d a9789945583458 aDO-SdBNPbspaaBNPHU1 aMuñóz Domínguez, Eduardo97114710aDécimas de mi Pueblo /cEduardo Muñóz Domínguez,. aSanto Domingo :bSantuario,c2013. a134 p. ;c24 cm. aIncluye datos biográficos del autor en la solapa de la cubierta 001052708DSaGRbGRcCTd2014-03-18iLF1l0o p43461-30r2020-06-25te. 3w2020-06-25yLFDSZPréstamo interno 0010718PDaPDbPDcCTd2014-03-18iLF1l0o p43461-10r2020-06-25w2020-06-25yLFPDZNo se presta 0010718PDaPDbPDcCTd2014-03-18iLF1l0o p43461-20r2020-06-25w2020-06-25yLFPDZNo se presta c42950d42950